| 000 | 00896nam a22002537a 4500 | ||
|---|---|---|---|
| 005 | 20170804162303.0 | ||
| 010 | _aBAC-CH25 | ||
| 020 |
_a9789382618829 _c225.00 |
||
| 035 | _aB-556393-422 | ||
| 035 | _aB-664617 | ||
| 035 | _aG-003112 | ||
| 037 |
_adpl _bUBH/Ven |
||
| 037 |
_adpl _bBSB |
||
| 082 | _aN | ||
| 100 | _aDalal, Deepak | ||
| 245 |
_aLakshadweep: _cby Deepak Dalal _badventure / |
||
| 260 |
_aNew Delhi _bWestland _c2013 |
||
| 270 |
_a93, Ist Floor, Sham Lal Road, Daryaganj _bNew Delhi _e110002 |
||
| 300 |
_a193p.: _c19cm(pbk) _bill. |
||
| 942 |
_2ddc _cCH _mDAL _hN |
||
| 999 |
_c86686 _d86686 |
||